00218nam a2200085Ia 4500008004100000041000800041100001800049245002900067260003600096241105s9999 xx 000 0 und d aeng aRaut Priyanka aHybrid Tensegrity System bM Arch Digital BNCA, Punec2015